000 01307nam a2200349 a 4500
001 ebr10300539
003 CaPaEBR
006 m u
007 cr cn|||||||||
008 080801s2008 enka s 001 0 eng d
010 _z 2008275524
015 _aGBA788232
_2bnb
016 7 _z014235254
_2Uk
020 _z9780470519738 (pbk.)
020 _z0470519738 (pbk.)
040 _aCaPaEBR
_cCaPaEBR
035 _a(OCoLC)608624253
050 1 4 _aBF637.N46
_bR43 2008eb
082 0 4 _a158.1
_222
100 1 _aReady, Romilla.
245 1 0 _aNeuro-linguistic programming workbook for dummies
_h[electronic resource] /
_cRomilla Ready and Kate Burton.
250 _a[Rev. ed.].
260 _aChichester, West Sussex, England ;
_aHoboken, N.J. :
_bJohn Wiley & Sons, Ltd.,
_c2008.
300 _axvi, 282 p. :
_bill.
500 _aIncludes index.
533 _aElectronic reproduction.
_bPalo Alto, Calif. :
_cebrary,
_d2013.
_nAvailable via World Wide Web.
_nAccess may be limited to ebrary affiliated libraries.
650 0 _aNeurolinguistic programming.
655 7 _aElectronic books.
_2local
700 1 _aBurton, Kate,
_d1962-
710 2 _aebrary, Inc.
856 4 0 _uhttp://site.ebrary.com/lib/rucke/Doc?id=10300539
_zAn electronic book accessible through the World Wide Web; click to view
999 _c67383
_d67383